ការប្រើប្រាស់ថ្នាំដសិកម្មរបស់កសិករលើដំណាំបន្លែ ក្នូងស្រុកកៀនស្វាយ​(the use of pesticides of farmers on vegetable crops in kien svay district) (Record no. 392)

000 -LEADER
fixed length control field 00615nam a22001337a 4500
040 ## - CATALOGING SOURCE
Transcribing agency RUA
082 ## - DEWEY DECIMAL CLASSIFICATION NUMBER
Classification number AGR KIM 1998 B020 Or.1
100 ## - MAIN ENTRY--AUTHOR NAME
Personal name KIM, SAN.
245 ## - TITLE STATEMENT
Title ការប្រើប្រាស់ថ្នាំដសិកម្មរបស់កសិករលើដំណាំបន្លែ ក្នូងស្រុកកៀនស្វាយ​(the use of pesticides of farmers on vegetable crops in kien svay district)
260 ## - PUBLICATION, DISTRIBUTION, ETC. (IMPRINT)
Place of publication Phnom Penh
Name of publisher RUA
Year of publication 1998
300 ## - PHYSICAL DESCRIPTION
Number of Pages 61p.
Other physical details ill.
Dimensions 29cm.
856 ## - ELECTRONIC LOCATION AND ACCESS
Uniform Resource Identifier https://drive.google.com/file/d/1hbZNQjxc6olsXRYiOjFhePzmb-XCZvW5/view?usp=sharing
942 ## - ADDED ENTRY ELEMENTS (KOHA)
Koha item type AGR
952 ## - LOCATION AND ITEM INFORMATION (KOHA)
Withdrawn status [LOCAL, KOHA] 0
952 ## - LOCATION AND ITEM INFORMATION (KOHA)
Withdrawn status [LOCAL, KOHA] 0
952 ## - LOCATION AND ITEM INFORMATION (KOHA)
Withdrawn status [LOCAL, KOHA] 0
Holdings
Permanent Location Date acquired Koha item type Lost status Shelving location Barcode Current Location Full call number
Library Block B2015-09-14AGR B020RUA004059Library Block BAGR KIM 1998 B020 Or.1
Library Block B2015-09-27AGR B020RUA008815Library Block BAGR KIM 1998 B020 Or.2
Library Block B2015-09-27AGR B020RUA008816Library Block BAGR KIM 1998 B020 Or.2
មជ្ឈមណ្ឌលឯការនៃសាកលវិទ្យាល័យភូមិន្ទកសិកម្មចំការដូង

Powered by Koha